Three Biggest Cities in Each African Country - Statistics

General Stats
  • This quiz has been taken 9 times
  • The average score is 82 of 162
Answer Stats
Hint Answer % Correct
Côte d’ivoire Abidjan
100%
Abuja
100%
Ghana Accra
100%
Ethiopia Addis Ababa
100%
Alexandria
100%
Algeria Algiers
100%
Mali Bamako
100%
Guinea-Bissau Bissau
100%
Egypt Cairo
100%
Morocco Casablanca
100%
Guinea Conakry
100%
Senegal Dakar
100%
Tanzania Dar es Salaam
100%
Djibouti Djibouti
100%
Douala
100%
Zimbabwe Harare
100%
South Africa Johannesburg
100%
Uganda Kampala
100%
Kano
100%
Sudan Khartoum
100%
Congo, Democratic Republic of the Kinshasa
100%
Nigeria Lagos
100%
Angola Luanda
100%
Somalia Mogadishu
100%
Liberia Monrovia
100%
Kenya Nairobi
100%
Niger Niamey
100%
Rabat
100%
Libya Tripoli
100%
Tunisia Tunis
100%
Cameroon Yaoundé
100%
Madagascar Antananarivo
89%
Eritrea Asmara
89%
Central African Republic Bangui
89%
Banjul
89%
Benghazi
89%
Congo, Republic of the Brazzaville
89%
Cape Town
89%
Sierra Leone Freetown
89%
Botswana Gaborone
89%
South Sudan Juba
89%
Rwanda Kigali
89%
Gabon LIbreville
89%
Togo Lomé
89%
Zambia Lusaka
89%
Malabo
89%
Mozambique Maputo
89%
Chad N’Djamena
89%
Mauritania Nouakchott
89%
Oran
89%
Burkina Faso Ouagadougou
89%
Mauritius Port Louis
89%
Porto-Novo
89%
Cape Verde Praia
89%
São Tomé and Príncipe São Tomé
89%
Seychelles Victoria
89%
Namibia Windhoek
89%
Burundi Bujumbura
78%
Constantine
78%
Kumasi
78%
Malawi Lilongwe
78%
Lubumbashi
78%
Mbabane
78%
Mombasa
78%
Comoros Moroni
78%
Sfax
78%
Tangier
78%
Walvis Bay
78%
Gitega
67%
Hargeisa
67%
Mbuji-Mayi
67%
Bo
56%
Cabinda
56%
Lesotho Maseru
56%
Pointe-Noire
56%
Port Sudan
56%
Sousse
56%
Equatorial Guinea Bata
44%
Dire Dawa
44%
Francistown
44%
Lubango
44%
Luxor
44%
Mwanza
44%
Nyala
44%
Port-Gentil
44%
Sokodé
44%
Touba
44%
Bulawayo
33%
Franceville
33%
Kara
33%
Maradi
33%
Misrata
33%
Mzuzu
33%
Nampula
33%
Toamasina
33%
Zinder
33%
Berbérati
22%
Bimbo
22%
Bobo-Dioulasso
22%
Bouaké
22%
Kankan
22%
Keren
22%
Kitwe
22%
Malakal
22%
Eswatini Manzini
22%
Matola
22%
Maun
22%
Nakuru
22%
Ndola
22%
Nouadhibou
22%
Nzérékoré
22%
Rundu
22%
Sikasso
22%
Thiès
22%
Abéché
11%
Abomey-Calavi
11%
Ali Sabieh
11%
Arua
11%
Bafatá
11%
Bamenda
11%
Beau Bassin-Rose Hill
11%
Brikama
11%
Chitungwiza
11%
Daloa
11%
Dolisie
11%
Espargos
11%
Gabú
11%
Gbarnga
11%
Kenema
11%
Koudougou
11%
Lobamba
11%
Mindelo
11%
Moundou
11%
Mutsamudu
11%
Neves
11%
Ségou
11%
Teyateyaneng
11%
Trindade
11%
Vacoas-Phoenix
11%
Adama
0%
Anse Etoile
0%
Antsirabe
0%
Blantyre-Limbe
0%
Benin Cotonous
0%
Ebebiyín
0%
eThekwini
0%
Fassala
0%
Fomboni
0%
Kakata
0%
Gambia Kanifing
0%
Kismayo
0%
Maputsoe
0%
Masaka
0%
Massawa
0%
Musanze
0%
Ngozi
0%
Obock
0%
Perseverance
0%
Rubavu
0%
Sekondi-Takoradi
0%
Winejok
0%
Zanzibar City
0%
No matching quizzes found
Score Distribution
Percent of People with Each Score
Percentile by Number Answered
Your Score History
You have not taken this quiz